Relaxacise, the no-effort exercise /

Saved in:
Bibliographic Details
Main Author: Martin, Barbara, 1939-
Format: Book
Language:English
Published: Birchgrove, N.S.W. : Sally Milner, 1992.
Series:Milner healthy living guide
Subjects:
LEADER 01140cam a2200313 a 4500
001 c000396104
003 CARM
005 20140218092435.0
008 140218s1992 xnaa 000 0 eng d
019 1 |a 8629851  |z 23019753  |5 LACONCORD2021 
020 |a 1863510591 (pbk.) :  |c $16.95 
035 |a (OCoLC)27610903  |5 LACONCORD2021 
040 |a ANB  |b eng  |c ANB  |d ANB 
042 |a anuc 
060 0 |a WB 545 
082 0 4 |a 613.71  |2 20 
100 1 |a Martin, Barbara,  |d 1939- 
245 1 0 |a Relaxacise, the no-effort exercise /  |c Barbara Martin. 
260 |a Birchgrove, N.S.W. :  |b Sally Milner,  |c 1992. 
300 |a 103 p. :  |b ill. ;  |c 24 cm. 
490 1 |a Milner healthy living guide 
500 |a Cover subtitle: Gently tone and trim your body. 
650 0 |a Stretching exercises. 
852 8 |b CARM  |p 0557876  |f BK 
852 8 |b SCAN  |h A3:AE37B0  |i B12255  |p 0557876  |f BK 
830 0 |a Milner healthy living guide 
999 f f |i 00b2a33a-effe-56ae-a615-a64df2b41a9c  |s 02773136-c65b-5cd4-8c24-52a31a059008 
952 f f |p Can circulate  |a CAVAL  |b CAVAL  |c CAVAL  |d CARM 1 Store  |i book  |m 0557876 
952 f f |a CAVAL  |b CAVAL  |c CAVAL  |d Unmapped Location  |e B12255  |f A3:AE37B0  |h Other scheme